| Tag |
First Indicator |
Second Indicator |
Subfields |
| LEADER |
00000cam a2200000 a 4500 |
| 001 |
in00001825921 |
| 005 |
20220106085849.0 |
| 006 |
m d f |
| 007 |
cr mn||||||||| |
| 008 |
040219s2004 dcu sb f000 0 eng c |
| 035 |
|
|
|a (OCoLC)ocm54448259
|
| 037 |
|
|
|b GAO (202)512-6000 (voice); (202)512-6061 (Fax); (202)512-2537 (TDD)
|f paper copy
|
| 042 |
|
|
|a pcc
|
| 043 |
|
|
|a n-us---
|
| 040 |
|
|
|a GPO
|b eng
|c GPO
|d MvI
|
| 049 |
|
|
|a WWW
|
| 074 |
|
|
|a 0546-D-01 (online)
|
| 086 |
0 |
|
|a GA 1.5/2:GAO-04-269 T
|
| 100 |
1 |
|
|a Walker, David M.
|q (David Michael),
|d 1951-
|
| 245 |
1 |
0 |
|a Government-sponsored enterprises :
|b a framework for strengthening GSE governance and oversight /
|c statement of David M. Walker, Comptroller General of the United States.
|
| 246 |
3 |
0 |
|a Framework for strengthening GSE governance and oversight
|
| 264 |
|
1 |
|a [Washington, D.C.] :
|b U.S. General Accounting Office,
|c [2004]
|
| 336 |
|
|
|a text
|b txt
|2 rdacontent
|
| 337 |
|
|
|a computer
|b c
|2 rdamedia
|
| 338 |
|
|
|a online resource
|b cr
|2 rdacarrier
|
| 490 |
1 |
|
|a Testimony ;
|v GAO-04-269 T
|
| 538 |
|
|
|a Mode of access: Internet from GPO Access web site. Address as of 2/17/04: http://frwebgate.access.gpo.gov/cgi-bin/getdoc.cgi?dbname=gao&docid=f:d04269t.pdf; current access available via PURL.
|
| 500 |
|
|
|a Title from title screen (viewed on Feb. 17, 2004).
|
| 500 |
|
|
|a "For release ... February 10, 2004."
|
| 500 |
|
|
|a Paper version available from: General Accounting Office, 441 G St., NW, Rm. LM, Washington, D.C. 20548.
|
| 504 |
|
|
|a Includes bibliographical references.
|
| 650 |
|
0 |
|a Government-sponsored enterprises
|z United States.
|
| 710 |
1 |
|
|a United States.
|b General Accounting Office.
|
| 830 |
|
0 |
|a Testimony ;
|v GAO-04-269 T.
|
| 856 |
4 |
0 |
|u https://purl.fdlp.gov/GPO/LPS43936
|t 0
|
| 856 |
4 |
0 |
|u https://purl.fdlp.gov/GPO/LPS43936
|t 0
|
| 999 |
f |
f |
|s 93b21c1e-f036-36a5-97d7-293d69d40e24
|i 55448cc3-0fca-36c7-ba46-bbb1c43b5e48
|t 0
|
| 952 |
f |
f |
|a Texas A&M University
|b College Station
|c Electronic Resources
|d Available Online
|t 0
|e GA 1.5/2:GAO-04-269 T
|h Superintendent of Documents classification
|
| 998 |
f |
f |
|a GA 1.5/2:GAO-04-269 T
|t 0
|l Available Online
|